20 Most Famous Cities in Jordan on a Map - Statistics

General Stats
  • This quiz has been taken 84 times
  • The average score is 8 of 20
Answers on the Map
Answers color-coded by a green-red scale on the quiz's map according to % correct below.
 
Answer Stats
Wiki Monthly Views Cityquiz Mention Rate Population Answers % Correct
89.01K 39.56% 1812.06K Amman
100%
38.67K 4.58% 148.40K Aqaba
81%
8.38K 2.10% 635.16K Zarqa
79%
10.43K 2.38% 502.71K Irbid
77%
4.32K 8.24% 6.83K Wadi Musa
62%
3.87K 1.11% 41.05K Ma'an
45%
8.19K 0.53% 105.35K Madaba
42%
6.41K 1.50% 99.89K As-Salt
40%
21.17K 0.53% 50.74K Jerash
40%
1.92K 0.18% 106.01K Mafraq
40%
4.75K 0.27% 9.99K Ajloun
34%
11.28K 1.06% 32.22K Al-Karak
32%
2.20K 0.14% 155.69K Ar-Ramtha
28%
2.45K - 57.49K Azraq
21%
7.86K 0.01% 6.12K Umm Qais
15%
6.20K - 113.12K Zaatari
9%
9.56K - 13.03K Dhiban
8%
3.39K - 2.54K Tabqet Fahel/Pella
8%
2.67K - 0.71K Umm ar-Rasas
8%
2.45K - 10.59K Busaira
2%
No matching quizzes found
Score Distribution
Percent of People with Each Score
Percentile by Number Answered
Your Score History
You have not taken this quiz